Libro y autor - Estadísticas

Estadísticas generales
  • Esta prueba ha sido intentada 143 veces
  • La puntuación promedio es 21 de 36
Estadísticas de respuestas
Libro Autor % Correcto
La Odisea, La Iliada Homero
96%
Romeo y Julieta, Hamlet William Shakespeare
93%
La metamorfosis, El proceso Franz Kafka
91%
Don Quijote Miguel de Cervantes
91%
Cien años de soledad, Crónica de una muerte anunciada Gabriel García Márquez
85%
La divina comedia Dante Alighieri
82%
Asesinato en el Orient Express, Diez negritos Agatha Christie
79%
1984, Rebelión en la granja. George Orwell
79%
Orgullo y prejuicio Jane Austen
75%
El señor de los anillos, El hobbit J. R. R. Tolkien
75%
Veinte mil leguas de viaje submarino, La vuelta al mundo en ochenta días Julio Verne
75%
Ana Karenina, Guerra y paz Lev Tolstói
73%
Bodas de sangre, La casa de Bernarda Alba Federico García Lorca
70%
Los Miserables Víctor Hugo
70%
La peste, El extranjero Albert Camus
61%
Los tres mosqueteros, El conde de Montecristo Alexandre Dumas
60%
Frankenstein o el moderno Prometeo Mary Shelley
60%
El retrato de Dorian Gray, La importancia de llamarse Ernesto Oscar Wilde
59%
Oliver Twist, Historia de dos ciudades Charles Dickens
58%
Rayuela, Bestiario Julio Cortázar
57%
Crimen y castigo, Los hermanos Karamázov Fiódor Dostoyevski
54%
El nombre de la rosa Umberto Eco
52%
Fuenteovejuna, El perro del hortelano Lope de Vega
51%
La casa de los espíritus, Paula Isabel Allende
50%
El principito Antoine de Saint-Exupéry
49%
Niebla, San Manuel Bueno, mártir Miguel de Unamuno
47%
Las aventuras de Tom Sawyer, Las aventuras de Huckleberry Finn Mark Twain
46%
Pedro Páramo Juan Rulfo
42%
La ciudad y los perros, Conversación en La Catedral Mario Vargas Llosa
41%
Charlie y la fábrica de chocolate, Matilda Roald Dahl
40%
Matar a un ruiseñor Harper Lee
38%
Azul..., Cantos de vida y esperanza Rubén Darío
34%
Robinson Crusoe Daniel Defoe
33%
La señora Dalloway, Al faro Virginia Woolf
30%
Mujercitas, Hombrecitos Louisa May Alcott
25%
Colmillo blanco, La llamada de lo salvaje Jack London
14%
No se encontraron pruebas coincidentes
Distribución de puntuación
Porcentaje de gente con cada puntuación
Porcentaje por número respondido
Historial de tus puntuaciones
No has intentado esta prueba.